Statistics for Slang Definitions #2

Click here to take the quiz!

General Stats

  • This quiz has been taken 45,384 times
  • The average score is 14 of 21

Answer Stats

Slang Hint Meaning % Correct
JavaBeverageCoffee
95%
HoopsSportBasketball
93%
Catch some Z'sVerbSleep
92%
KicksAttireShoes
90%
ZilchAmountNothing
90%
SchnozBody PartNose
87%
The FuzzGroup of PeoplePolice
81%
Cray CrayAdjectiveCrazy
79%
GanjaDrugMarijuana
75%
FroshType of StudentFreshman
74%
The ClinkPlaceJail
71%
NoodleBody PartBrain
68%
HoochBeverageAlcohol
57%
QuidBritishPound
53%
Bean CounterOccupationAccountant
50%
Three Sheets to the WindPersonal StateDrunk
46%
StarkersPersonal StateNaked
43%
The ClapMedical ConditionGonorrhea
40%
Give up the GhostVerbDie
37%
GumshoeOccupationDetective
36%
Soup StrainerBody PartMustache
20%

Score Distribution

Percentile by Number Answered

Percent of People with Each Score

Your Score History

You have not taken this quiz